[Event "Ogolnopolska Olimpiada Mlodziezy D-12"]
[Site "Spala"]
[Date "1899-12-30"]
[Round "9.1"]
[White "Harazinska, Magdalena"]
[Black "Kucharska, Honorata"]
[Result "0-1"]
[WhiteTitle "I"]
[BlackTitle "I"]
[WhiteElo "1618"]
[BlackElo "1722"]

1. d4 Nf6 2. c4 e5 3. dxe5 Ng4 4. Bf4 Nc6 5. Nf3 Bb4+ 6. Nbd2 Qe7 7. e3 Ngxe5 8.
Be2 O-O 9. O-O Bxd2 10. Qxd2 d6 11. Nd4 Bd7 12. b4 Ng6 13. Bg3 Rfe8 14. Rfe1 Rad8
15. b5 Nxd4 16. exd4 Qf6 17. Bf3 c6 18. a4 h6 19. Rac1 Nh4 20. Bxh4 Qxh4 21. Re3
Rxe3 22. fxe3 Qg5 23. Qf2 d5 24. bxc6 bxc6 25. cxd5 cxd5 26. h4 Qe7 27. Bxd5 Bxa4
28. e4 Be8 29. Ra1 Rb8 30. g3 Qd7 31. Kh2 Rb4 32. Rc1 Qb5 33. Rc8 Rb2 34. Rc2
Rxc2 35. Qxc2 a5 36. Ba2 a4 37. d5 a3 38. Kg2 Kf8 39. e5 Qb2 40. Qxb2 axb2 41.
Kf3 f6 42. exf6 gxf6 43. Bb1 Ke7 44. Kf4 Bd7 45. g4 Kd6 46. g5 fxg5+ 47. hxg5
hxg5+ 48. Kxg5 Kxd5 49. Kf4 Kd4 50. Kf3 Bb5 51. Kf2 Kc3 52. Ke3 Ba4 53. Ke2 Bc2
54. Ba2 Bg6 55. Kd1 Bh5+ 56. Ke1 Kc2 57. Kf2 Kc1 0-1

[Event "Ogolnopolska Olimpiada Mlodziezy D-12"]
[Site "Spala"]
[Date "1899-12-30"]
[Round "9.2"]
[White "Swiech, Joanna"]
[Black "Moscicka, Pola"]
[Result "1-0"]
[WhiteTitle "I"]
[BlackTitle "I"]
[WhiteElo "1598"]
[BlackElo "1568"]

1. e4 e5 2. Nf3 Nf6 3. Nc3 Nc6 4. Bb5 d6 5. d3 Bg4 6. h3 Bh5 7. Be3 Be7 8. O-O
O-O 9. Bxc6 bxc6 10. Kh1 h6 11. Rg1 Nh7 12. g4 Bg6 13. Qf1 Bg5 14. Nxg5 Nxg5 15.
Qg2 Qf6 16. Bxg5 Qxg5 17. Qg3 Rab8 18. Rab1 Qd2 19. Qe3 Qxe3 20. fxe3 f6 21. b3
Rfe8 22. Rbe1 Re7 23. Kg2 Rd8 24. Kf3 d5 25. Rgf1 Kf7 26. b4 a6 27. Rb1 Ke6 28.
Rb3 Ree8 29. Ra3 dxe4+ 30. dxe4 Ra8 31. Na4 Kf7 32. Nc5 Reb8 33. c3 Ra7 34. Rxa6
Rxa6 35. Nxa6 Ra8 36. Nc5 Rxa2 37. Rd1 Rh2 38. Rd7+ Kg8 39. Rxc7 Rxh3+ 40. Kf2
Rh2+ 41. Kg3 Rc2 42. Rxc6 Rxc3 43. Kf3 h5 44. b5 hxg4+ 45. Kxg4 Rxe3 46. b6 Rxe4+
47. Nxe4 Bxe4 48. Rc7 g6 49. b7 Bxb7 50. Rxb7 Kf8 51. Kf3 f5 52. Rb5 e4+ 53. Kf4
Ke7 54. Kg5 Ke6 55. Kxg6 e3 56. Kg5 e2 57. Rb1 Ke5 58. Re1 Ke4 59. Rxe2+ Kf3 60.
Re5 f4 61. Rf5 1-0

[Event "Ogolnopolska Olimpiada Mlodziezy D-12"]
[Site "Spala"]
[Date "1899-12-30"]
[Round "9.3"]
[White "Rudzinska, Michalina"]
[Black "Waszczuk, Patrycja"]
[Result "1-0"]
[WhiteTitle "I"]
[BlackTitle "I"]
[WhiteElo "1544"]
[BlackElo "1474"]

1. d4 d5 2. c4 c6 3. cxd5 cxd5 4. Nf3 Nf6 5. Nc3 Nc6 6. Bf4 e6 7. e3 Bd6 8. Bxd6
Qxd6 9. Bd3 O-O 10. O-O Bd7 11. Qe2 Rac8 12. Rac1 a6 13. Rfe1 e5 14. dxe5 Nxe5
15. Nxe5 Qxe5 16. h3 Rfe8 17. Qd2 Qg5 18. f4 Qg3 19. Qf2 Qxf2+ 20. Kxf2 Bc6 21.
g4 Red8 22. Ne2 Ne4+ 23. Bxe4 dxe4 24. Nd4 Bd5 25. a3 g6 26. Kg3 Bc4 27. Rc3 Bd3
28. Rec1 Rxc3 29. Rxc3 Rd7 30. f5 g5 31. h4 h6 32. hxg5 hxg5 33. Rc1 Kg7 34. Nb3
b6 35. Nd4 Rd6 36. Rc7 Kf6 37. Kf2 b5 38. Ke1 Rb6 39. Nb3 Rd6 40. Nc5 Bc4 41.
Nxe4+ Ke5 42. Nxd6 Kxd6 43. Ra7 b4 44. axb4 Ke5 45. Kd2 Ke4 46. Kc3 Be2 47. Rxf7
Bxg4 48. f6 Ke5 49. Ra7 Kxf6 50. Rxa6+ Be6 51. b5 g4 52. b6 g3 53. b7 g2 54. Ra1
1-0

[Event "Ogolnopolska Olimpiada Mlodziezy D-12"]
[Site "Spala"]
[Date "1899-12-30"]
[Round "9.4"]
[White "Kalinowska, Zuzanna"]
[Black "Kaniowska, Anna"]
[Result "1/2-1/2"]
[WhiteTitle "I"]
[BlackTitle "II"]
[WhiteElo "1542"]
[BlackElo "1336"]

1. d4 Nf6 2. Nf3 e6 3. e3 d5 4. Bd3 Nbd7 5. O-O Bd6 6. Nbd2 O-O 7. b3 c5 8. Bb2
b6 9. Qe2 Re8 10. Ne5 Nf8 11. f4 Ng6 12. Rae1 Bb7 13. Bb5 Rf8 14. Rf3 Rc8 15.
Rc1 c4 16. bxc4 dxc4 17. e4 Nxf4 18. Rxf4 c3 19. Bxc3 Rxc3 20. Ndc4 a6 21. Qd2
Bxe5 22. dxe5 Qxd2 23. Nxd2 Nh5 24. Rh4 axb5 25. Rxh5 g6 26. Rg5 Rfc8 27. Nb1
Rxc2 28. Rxc2 Rxc2 29. Na3 Rxa2 30. Nxb5 Ra1+ 31. Kf2 Bxe4 32. Ke3 Bd5 33. Rg4
Ra8 34. g3 Kf8 35. Rb4 Rb8 36. Kd4 Ke7 37. Nd6 f6 38. Rxb6 fxe5+ 39. Kxe5 Rxb6
40. Nc8+ Kf7 41. Nxb6 Bb3 42. Nc8 g5 43. Nd6+ Kg6 44. Ne4 Bd5 45. Nf6 h6 46. Nxd5
exd5 47. g4 h5 48. h3 hxg4 49. hxg4 d4 50. Kxd4 Kf6 51. Ke4 Ke6 52. Kd4 Kd6 53.
Ke4 Ke5+ 1/2-1/2

[Event "Ogolnopolska Olimpiada Mlodziezy D-12"]
[Site "Spala"]
[Date "1899-12-30"]
[Round "9.5"]
[White "Poreba, Weronika"]
[Black "Karlyk, Maria"]
[Result "1/2-1/2"]
[WhiteTitle "I"]
[BlackTitle "I"]
[WhiteElo "1414"]
[BlackElo "1440"]

1. c4 e6 2. Nc3 Nf6 3. g3 d5 4. cxd5 exd5 5. d4 Be6 6. Bg2 Nbd7 7. e3 Nb6 8. Nge2
c6 9. O-O Qd7 10. Nf4 Bd6 11. Nxe6 fxe6 12. f3 e5 13. Re1 O-O 14. b3 Rae8 15.
Bb2 c5 16. dxe5 Bxe5 17. f4 Bxc3 18. Bxc3 Qe6 19. Qc2 c4 20. Bxf6 Rxf6 21. Rad1
Qf7 22. bxc4 dxc4 23. e4 Qc7 24. e5 Rh6 25. Kh1 Re7 26. Rd4 Rhe6 27. Red1 g6 28.
Rd6 g5 29. Bh3 g4 30. Bxg4 Rxd6 31. exd6 Qc6+ 32. Qg2 Qxg2+ 33. Kxg2 Re8 34. d7
Rd8 35. Bf5 h6 36. Kf3 Kf7 37. Ke3 Ke7 38. g4 Nxd7 39. Be4 Nc5 40. Rxd8 Kxd8 41.
Bc2 b5 42. Kd4 Ne6+ 43. Ke5 Ke7 44. h4 a5 45. f5 Nc7 46. g5 hxg5 47. hxg5 a4 48.
f6+ Kf8 49. g6 Ne8 50. f7 Ng7 51. Bxa4 bxa4 52. Kd4 Ne6+ 53. Kxc4 Kg7 54. Kd5
Nf8 55. Kd6 Nxg6 56. Kc5 Kxf7 57. Kb4 a3 58. Kxa3 Ke7 59. Kb4 Kd7 60. Kb5 Kc7
61. a4 Kb8 62. Kb6 Ka8 63. a5 Kb8 64. a6 Ka8 65. a7 Ne7 66. Ka6 Nc8 67. Kb5 Kxa7
1/2-1/2

[Event "Ogolnopolska Olimpiada Mlodziezy D-12"]
[Site "Spala"]
[Date "1899-12-30"]
[Round "9.6"]
[White "Tomczak, Marta"]
[Black "Koruch, Maria"]
[Result "0-1"]
[WhiteTitle "II"]
[BlackTitle "II"]
[WhiteElo "1284"]
[BlackElo "1362"]

1. e4 c5 2. c3 d5 3. exd5 Qxd5 4. d4 Nc6 5. dxc5 Qxc5 6. Be3 Qa5 7. Be2 Bf5 8.
Nd2 Rd8 9. Ngf3 Nf6 10. O-O e6 11. b4 Qc7 12. Qb3 Be7 13. a4 O-O 14. Nc4 Rc8 15.
Rfd1 Nd5 16. Bd4 Nf4 17. Bf1 Be4 18. b5 Bxf3 19. gxf3 Na5 20. Nxa5 Qxa5 21. Be5
Nd5 22. c4 Nf6 23. Bc3 Qc7 24. Bb4 Bc5 25. Bxc5 Qxc5 26. Qe3 Qh5 27. Qxa7 Qxf3
28. Qe3 Qh5 29. a5 Ng4 30. Qg3 Ne5 31. Rdc1 Nf3+ 32. Kh1 Nd2 33. Qg2 Nb3 34. Qxb7
Nxc1 35. Rxc1 Qc5 36. Kg1 Qa3 37. Rd1 Qxa5 38. Qf3 Rfd8 39. Rc1 Qb4 40. Qe3 Qc5
41. Qxc5 Rxc5 42. b6 Rb8 43. Rb1 Kf8 44. Bg2 Rxc4 45. b7 Ke7 46. Rd1 Rb4 47. h3
R4xb7 48. Bxb7 Rxb7 49. Rc1 Kf6 50. Rc3 Rb5 51. Rf3+ Rf5 52. Re3 e5 53. f3 Kg5
54. Kg2 f6 55. Re4 Rf4 56. Re3 Kf5 57. Rc3 g5 58. Rc7 Kg6 59. Re7 h5 60. Kg3 h4+
61. Kg2 Kf5 62. Ra7 e4 63. Ra5+ Kg6 64. Ra4 exf3+ 65. Kf2 Rxa4 66. Kxf3 0-1

[Event "Ogolnopolska Olimpiada Mlodziezy D-12"]
[Site "Spala"]
[Date "1899-12-30"]
[Round "9.7"]
[White "Jarocka, Liwia"]
[Black "Malicka, Maria"]
[Result "0-1"]
[WhiteTitle "I"]
[BlackTitle "I"]
[WhiteElo "1341"]
[BlackElo "1408"]

1. e4 e5 2. Nf3 Nc6 3. Bb5 a6 4. Ba4 Nf6 5. O-O Be7 6. Re1 b5 7. Bb3 d6 8. c3 Na5
9. Bc2 c5 10. h3 O-O 11. d4 cxd4 12. cxd4 Qc7 13. Bg5 Bb7 14. Nbd2 Rac8 15. Rc1
Qb8 16. Nf1 Nc4 17. b3 Nb6 18. Ng3 g6 19. Nh4 Rc3 20. Re3 Rfc8 21. d5 Nfxd5 22.
Bxe7 Nxe7 23. Qd2 R3c6 24. Rf3 Qc7 25. Qg5 Qd8 26. Qd2 d5 27. exd5 Nexd5 28. Nhf5
gxf5 29. Nxf5 Qf8 30. Nh6+ Qxh6 31. Qe1 Rxc2 32. Rg3+ Kh8 33. Qxe5+ Qf6 34. Qxf6+
Nxf6 35. Rxc2 Rxc2 36. Rf3 Bxf3 0-1

[Event "Ogolnopolska Olimpiada Mlodziezy D-12"]
[Site "Spala"]
[Date "1899-12-30"]
[Round "9.8"]
[White "Wolagiewicz, Kinga"]
[Black "Choinska, Debora"]
[Result "1-0"]
[WhiteTitle "I"]
[BlackTitle "II"]
[WhiteElo "1373"]
[BlackElo "1297"]

1. e4 e5 2. Nf3 Nf6 3. d4 Nxe4 4. dxe5 d5 5. Nbd2 Nc5 6. Bd3 Nxd3+ 7. cxd3 Nc6
8. d4 Be7 9. O-O O-O 10. Re1 Be6 11. h3 Qd7 12. Nb3 b6 13. Nh2 f6 14. exf6 Rxf6
15. Bg5 Rg6 16. Bxe7 Nxe7 17. Ng4 Bxg4 18. hxg4 Nc6 19. f3 Qd8 20. Re3 Qf6 21.
Qe1 Rf8 22. Rd1 Rh6 23. Qg3 Qh4 24. Qxh4 Rxh4 25. a3 Kf7 26. Rc1 Rh6 27. Rec3
Ne7 28. Rxc7 a5 29. Re1 Re6 30. Rxe6 Kxe6 31. Rb7 Nc8 32. Rxg7 Rf7 33. Rxf7 Kxf7
34. Kf2 Kf6 35. Ke3 Ne7 36. f4 h6 37. Nd2 Ng6 38. Nf3 b5 39. g3 b4 40. axb4 axb4
41. b3 Ke7 42. Ne5 Nxe5 43. fxe5 Ke6 44. Kf4 Kf7 45. Kf5 Ke7 46. g5 hxg5 47. Kxg5
Ke6 48. Kf4 Kf7 49. Kf5 Ke7 50. e6 Kf8 51. Kf6 Ke8 52. e7 Kd7 53. Kf7 Kd6 54.
e8=Q Kc7 55. Ke6 Kb7 56. Kxd5 Kc7 57. Qe6 Kb8 58. Qe7 Kc8 59. Kc6 Kb8 60. Qb7#
1-0

[Event "Ogolnopolska Olimpiada Mlodziezy D-12"]
[Site "Spala"]
[Date "1899-12-30"]
[Round "9.9"]
[White "Bilczewska, Olga"]
[Black "Tarka, Aleksandra"]
[Result "1/2-1/2"]
[WhiteTitle "II"]
[BlackTitle "II+"]
[WhiteElo "1252"]
[BlackElo "1349"]

1. d4 d5 2. Nc3 Nf6 3. Bg5 e6 4. e4 dxe4 5. Nxe4 Be7 6. Bxf6 Bxf6 7. Nf3 O-O 8.
Qd2 Nd7 9. O-O-O b6 10. Neg5 Bb7 11. Bd3 h6 12. Ne4 Rc8 13. Rhg1 e5 14. g4 Bxe4
15. Bxe4 Bg5 16. Nxg5 hxg5 17. Qe3 Qf6 18. Bf5 Rcd8 19. Bxd7 Rxd7 20. dxe5 Rxd1+
21. Rxd1 Qe6 22. b3 Qxg4 23. h3 Qf4 24. Qxf4 gxf4 25. Rd4 Re8 26. Rxf4 Rxe5 27.
Kd2 Kf8 28. Kd3 Ke7 29. Kd4 f6 30. Re4 c5+ 31. Kd3 Rxe4 32. Kxe4 Ke6 33. c4 g5
34. f4 a6 35. fxg5 fxg5 36. a3 a5 37. a4 Kf6 38. Kd5 Kf5 39. Kc6 Kf4 40. Kxb6
Kg3 41. Kxa5 Kxh3 42. Kb5 g4 43. a5 g3 44. a6 g2 45. a7 g1=Q 46. a8=Q Qb1 47.
Qc8+ Kg3 48. Qxc5 Qxb3+ 49. Qb4 Qd3 50. Qe1+ Kf4 51. Qh4+ Ke5 52. Qh8+ Ke6 53.
Qg8+ Kf6 54. Kc6 Qe4+ 55. Qd5 Qe8+ 56. Qd7 Qa8+ 57. Kd6 Qa6+ 58. Qc6 Qa3+ 59.
c5 Qd3+ 60. Kc7+ Kg5 61. Qg2+ Kf6 62. c6 Qb5 63. Qf3+ Ke7 64. Qe4+ Kf7 65. Kd7
Kf6 66. Qe6+ Kg7 67. Kd8 Qb8+ 68. Qc8 Qe5 69. Qd7+ Kf8 70. c7 Qf6+ 71. Kc8 Qa6+
72. Kb8 Qb6+ 73. Ka8 Qa6+ 74. Kb8 Qb6+ 1/2-1/2

[Event "Ogolnopolska Olimpiada Mlodziezy D-12"]
[Site "Spala"]
[Date "1899-12-30"]
[Round "9.10"]
[White "Czarniecka, Aleksandra"]
[Black "Pyzio, Amelia"]
[Result "1/2-1/2"]
[WhiteTitle "I"]
[BlackTitle "II+"]
[WhiteElo "1247"]
[BlackElo "1346"]

1. e4 e6 2. d4 d5 3. Nc3 Nf6 4. e5 Nfd7 5. f4 c5 6. Nf3 Nc6 7. Be3 cxd4 8. Nxd4
Bc5 9. Qd2 Nxd4 10. Bxd4 Bxd4 11. Qxd4 Qb6 12. Qd2 a6 13. g4 h5 14. g5 Qxb2 15.
Rb1 Qa3 16. Bd3 Qc5 17. g6 Qc6 18. Rf1 f6 19. exf6 Nxf6 20. Nb5 O-O 21. Nd4 Qc5
22. Nf3 Ng4 23. Ke2 Qd6 24. h3 Nh6 25. Ng5 e5 26. Bc4 exf4 27. Bxd5+ Kh8 28. Rb4
Qxg6 29. Rbxf4 Rxf4 30. Rxf4 Qe8+ 31. Re4 Qd8 32. Qe3 Bf5 33. Rd4 Qc8 34. Rc4
Qd7 35. Qf3 Re8+ 36. Kd2 Be4 37. Nxe4 Qxd5+ 38. Qd3 Qa5+ 39. Nc3 Nf5 40. Ra4 Qd8
41. Nd5 Qg5+ 42. Kc3 Rc8+ 43. Kb2 Qg6 44. Rf4 Rf8 45. Ne3 Qf6+ 46. c3 Qb6+ 47.
Ka1 g6 48. Nxf5 gxf5 49. Rf1 Qc5 50. Qf3 f4 51. Qd3 Qc7 52. Qd4+ Kh7 53. Rg1 Rg8
54. Qe4+ Kh8 55. Qd4+ Kh7 56. Qe4+ Kh8 57. Qd4+ Kh7 58. Rxg8 Kxg8 59. Qd5+ Kf8
60. Qf5+ Kg8 61. Qg6+ Qg7 62. Qe8+ Qf8 63. Qxh5 Qd6 64. Qg4+ Kh7 65. h4 Qd2 66.
Qf5+ Kg7 1/2-1/2

[Event "Ogolnopolska Olimpiada Mlodziezy D-12"]
[Site "Spala"]
[Date "1899-12-30"]
[Round "9.11"]
[White "Kulpa, Zuzanna"]
[Black "Hryn, Aleksandra"]
[Result "0-1"]
[WhiteTitle "II+"]
[BlackTitle "II+"]
[WhiteElo "1425"]
[BlackElo "1277"]

1. e4 c5 2. Nf3 d6 3. d4 cxd4 4. Nxd4 Nf6 5. Nc3 a6 6. h3 e6 7. g4 h6 8. Bg2 Be7
9. O-O Qc7 10. Be3 Bd7 11. Qd2 Nc6 12. Rad1 Rc8 13. f4 b5 14. a3 Rg8 15. g5 Nh7
16. Qe2 hxg5 17. fxg5 g6 18. Qf2 Rg7 19. Qh4 Nf8 20. Qg3 Nh7 21. Qh4 Nf8 22. Rd2
Rh7 23. Qg3 Nxd4 24. Bxd4 e5 25. Be3 Be6 26. Nd5 Bxd5 27. exd5 Bd8 28. Rdf2 Qb7
29. Bf3 Qe7 30. Bg4 Rb8 31. h4 Bb6 32. Bxb6 Rxb6 33. Qe3 Rb8 34. Qg3 Rb7 35. Qc3
Qc7 36. Qg3 Qe7 37. Qc3 Qc7 38. Qg3 Qe7 39. c3 Nd7 40. Bxd7+ Qxd7 41. Rf3 Qc8
42. Kg2 Qc4 43. Rd3 Qxh4 44. Qxh4 0-1

[Event "Ogolnopolska Olimpiada Mlodziezy D-12"]
[Site "Spala"]
[Date "1899-12-30"]
[Round "9.12"]
[White "Lascar, Maria Elena"]
[Black "Kawecka, Malgorzata"]
[Result "1-0"]
[WhiteTitle "II+"]
[BlackTitle "II+"]
[WhiteElo "1299"]
[BlackElo "1238"]

1. e4 e5 2. Nf3 Nf6 3. Bc4 Nxe4 4. Nc3 Nxc3 5. dxc3 c6 6. Nxe5 d5 7. Qe2 Qe7 8.
Bd3 Nd7 9. Nxd7 Qxe2+ 10. Bxe2 Bxd7 11. O-O Bd6 12. Be3 O-O 13. Rad1 Be6 14. c4
Rfd8 15. cxd5 Bxd5 16. c4 Be6 17. b3 b6 18. Bf3 Rac8 19. Rd2 c5 20. Rfd1 Be7 21.
Bf4 Rxd2 22. Rxd2 Rd8 23. Rxd8+ Bxd8 24. Bb8 a5 25. Be4 g6 26. Kf1 Kg7 27. Ke2
Kf6 28. Ke3 h6 29. h3 h5 30. Bg3 g5 31. Bf3 h4 32. Bd6 Bf5 33. Be4 Be6 34. f4
gxf4+ 35. Kxf4 Bd7 36. Be5+ Ke7 37. Bd5 a4 38. Kg5 Ke8+ 39. Bf6 Bc7 40. Kxh4 Bf5
41. Bc6+ Kf8 42. Bxa4 Bb1 43. a3 Bc2 44. Kg4 Bd1+ 45. Kg5 Bc2 46. h4 Kg8 47. h5
Be4 48. g4 Bf3 49. h6 Bd1 50. Bd7 Bc2 51. Bf5 Bxf5 52. Kxf5 Bd6 53. Bd8 Bf8 54.
g5 Bd6 55. Bxb6 Kf8 56. a4 1-0

[Event "Ogolnopolska Olimpiada Mlodziezy D-12"]
[Site "Spala"]
[Date "1899-12-30"]
[Round "9.13"]
[White "Wojciechowska, Martyna"]
[Black "Budkiewicz, Magdalena"]
[Result "0-1"]
[WhiteTitle "II"]
[BlackTitle "II+"]
[WhiteElo "1280"]
[BlackElo "1280"]

1. e4 c5 2. Nf3 d6 3. Bb5+ Bd7 4. Bxd7+ Qxd7 5. O-O Nf6 6. Re1 Nc6 7. c3 e6 8.
d4 cxd4 9. cxd4 Be7 10. Nc3 O-O 11. Bf4 d5 12. e5 Ne8 13. Rc1 Nc7 14. a3 b5 15.
b4 a5 16. Qd3 axb4 17. axb4 Nxb4 18. Qb1 Rfb8 19. Bd2 Nc6 20. Qd3 b4 21. Nd1 Na5
22. Nb2 b3 23. Bxa5 Rxa5 24. Rc3 Rab5 25. Rb1 Na6 26. Qe3 Qb7 27. Na4 Rc8 28.
h3 Rxc3 29. Qxc3 Rb4 30. Nc5 Nxc5 31. dxc5 Rc4 32. Qxb3 Qxb3 33. Rxb3 Rxc5 34.
Rb8+ Bf8 35. Kf1 g6 36. Ke2 Kg7 37. Kd3 Ra5 38. Rb2 Ra1 39. Ng5 h6 40. Nf3 Bc5
41. Nh2 Ra3+ 42. Ke2 Bd4 43. Rb7 Bxe5 44. Nf3 Bf6 45. g3 Ra2+ 46. Ke3 d4+ 47.
Nxd4 Bxd4+ 48. Kxd4 Rxf2 49. Ke5 Rf3 50. g4 Rxh3 51. Rb4 h5 52. g5 Rg3 53. Rb7
Rxg5+ 54. Kf4 Rg1 55. Kf3 h4 56. Kf2 Rg5 57. Rb3 Rh5 58. Kg2 h3+ 59. Kh2 g5 60.
Rg3 Kg6 61. Rxh3 Rxh3+ 62. Kxh3 Kf5 63. Kg3 e5 64. Kf3 e4+ 65. Ke3 g4 66. Kf2
Kf4 67. Kg2 e3 68. Kf1 Kf3 69. Ke1 e2 70. Kd2 Kf2 71. Kd3 e1=Q 72. Kd4 g3 73.
Kd5 g2 74. Kd4 g1=R 75. Kd5 Rg8 76. Kd6 Rd8+ 77. Kc7 Rd2 78. Kc6 Qc1+ 79. Kb5
Rb2+ 80. Ka4 Qa1# 0-1

[Event "Ogolnopolska Olimpiada Mlodziezy D-12"]
[Site "Spala"]
[Date "1899-12-30"]
[Round "9.14"]
[White "Hryn, Zofia"]
[Black "Nowicka, Julia"]
[Result "1-0"]
[WhiteTitle "II"]
[BlackTitle "II"]
[WhiteElo "1327"]
[BlackElo "1218"]

1. e4 e5 2. Nf3 Nc6 3. Bb5 a6 4. Ba4 Nf6 5. O-O Be7 6. Re1 b5 7. Bb3 O-O 8. d4
d6 9. c3 Bg4 10. Be3 Na5 11. Bc2 c5 12. h3 Bh5 13. g4 Bg6 14. dxe5 dxe5 15. Qxd8
Raxd8 16. Nbd2 Nc6 17. Nf1 Bd6 18. Ng3 Rfe8 19. Rad1 h6 20. Kh2 Nh7 21. h4 f6
22. Rg1 Bf7 23. g5 fxg5 24. hxg5 hxg5 25. Nxg5 Be7 26. Nxh7 Kxh7 27. Rde1 a5 28.
Nf5 Bf6 29. Rg3 g6 30. Rh3+ Kg8 31. Rg1 Bg7 32. Nxg7 Kxg7 33. Bh6+ Kg8 34. Rg4
Re7 35. Rgh4 Be6 36. Rg3 Rh7 37. Rxg6+ Kf7 38. Rg3 Rd2 39. Rf3+ Ke7 40. Bf8+ Ke8
41. Rxh7 Rxc2 42. Bxc5 Rxb2 43. Rf8# 1-0

[Event "Ogolnopolska Olimpiada Mlodziezy D-12"]
[Site "Spala"]
[Date "1899-12-30"]
[Round "9.15"]
[White "Orlik, Sandra"]
[Black "Filipska, Maja"]
[Result "1-0"]
[WhiteTitle "II"]
[BlackTitle "I"]
[WhiteElo "1298"]
[BlackElo "1241"]

1. e4 c5 2. Nf3 d6 3. d4 cxd4 4. Nxd4 Nf6 5. Nc3 e6 6. Be2 Be7 7. O-O O-O 8. f4
Nbd7 9. Kh1 Nc5 10. Bf3 a6 11. a4 Qc7 12. Qe2 e5 13. Nf5 Bxf5 14. exf5 exf4 15.
Bxf4 Rfe8 16. Rfe1 Qb6 17. b3 Rac8 18. Nd5 Nxd5 19. Bxd5 Nd7 20. Qh5 Ne5 21. Bxe5
dxe5 22. Bxf7+ Kf8 23. Be6 g6 24. Qxh7 Qxe6 25. fxe6 Bg5 26. Qf7# 1-0

[Event "Ogolnopolska Olimpiada Mlodziezy D-12"]
[Site "Spala"]
[Date "1899-12-30"]
[Round "9.16"]
[White "Mytych, Wiktoria"]
[Black "Raczykowska, Paulina"]
[Result "1/2-1/2"]
[WhiteTitle "II"]
[BlackTitle "II+"]
[WhiteElo "1109"]
[BlackElo "1228"]

1. e4 e5 2. Nf3 Nc6 3. Nc3 Nf6 4. Bb5 d6 5. d4 exd4 6. Nxd4 Bd7 7. O-O a6 8. Nxc6
Bxc6 9. Bxc6+ bxc6 10. Bg5 Be7 11. Qf3 h6 12. Bxf6 Bxf6 13. e5 Bxe5 14. Qxc6+
Kf8 15. Qf3 Rb8 16. Rab1 g6 17. Qd3 Rb6 18. Rfe1 Kg7 19. g3 Qb8 20. b3 Qa7 21.
Qe3 c6 22. f4 Bf6 23. Kf1 Qc7 24. Ne4 Re8 25. Qd3 Re6 26. Nxf6 Rxf6 27. Re2 a5
28. a4 Rb4 29. Re4 Qb7 30. Rxb4 Qxb4 31. Rd1 Re6 32. Qd4+ Qxd4 33. Rxd4 c5 34.
Rd1 Kf6 35. Rd5 Ke7 36. Kf2 Kd7 37. f5 Rf6 38. g4 Kc6 39. Rd3 gxf5 40. Rf3 f4
41. Ke2 Kd5 42. Kd3 Ke5 43. c3 Kd5 44. h3 Ke5 45. Rf1 Rg6 46. Re1+ Kd5 47. c4+
1/2-1/2

[Event "Ogolnopolska Olimpiada Mlodziezy D-12"]
[Site "Spala"]
[Date "1899-12-30"]
[Round "9.19"]
[White "Wagner, Klaudia"]
[Black "Szelejewska, Maria"]
[Result "1-0"]
[WhiteTitle "II"]
[BlackTitle "II"]
[WhiteElo "1271"]
[BlackElo "1054"]

1. d4 Nf6 2. c4 g6 3. Nc3 Bg7 4. e4 d6 5. Bg5 O-O 6. Be2 e5 7. d5 h6 8. Be3 c5
9. Qd2 Kh7 10. f3 a6 11. O-O-O Qa5 12. Kb1 Bd7 13. Rf1 b5 14. g4 b4 15. Nd1 Qb6
16. h4 a5 17. g5 Ng8 18. h5 f6 19. hxg6+ Kxg6 20. gxh6 Nxh6 21. Bxh6 Rh8 22. Rf2
Bxh6 23. Rg2+ Kf7 24. Rxh6 Na6 25. Rgh2 Rhg8 26. Rh7+ Ke8 27. Rh8 Kd8 28. Rxg8+
Kc7 29. Rxa8 Kb7 30. Rf8 b3 31. a3 a4 32. Rh7 Qc7 33. Rhf7 Nb8 34. Nc3 Ka6 35.
Nxa4 1-0